Fifa 21 Top 50 South American Players - Statistics

General Stats
  • This quiz has been taken 91 times
  • The average score is 36 of 50
Answer Stats
Rating Club Nation Player % Correct
93 FC Barcelona Argentina Lionel Messi
100%
91 PSG Brazil Neymar
100%
89 Manchester City Argentina Sergio Aguero
99%
90 Liverpool Brazil Alisson
96%
87 Atletico Madrid Uruguay Luis Suarez
96%
88 Piemonte Calcio Argentina Paulo Dybala
96%
87 PSG Argentina Angel Di Maria
94%
87 Liverpool Brazil Fabinho
94%
87 Liverpool Brazil Roberto Firmino
93%
88 Manchester City Brazil Ederson
92%
89 Real Madrid Brazil Casemiro
90%
84 Manchester United Uruguay Edinson Cavani
88%
84 Inter Milan Argentina Lautaro Martinez
86%
85 Chelsea Brazil Thiago Silva
86%
85 PSG Brazil Marquinhos
85%
85 Cagliari Uruguay Diego Godin
83%
84 Manchester City Brazil Fernandinho
83%
85 Piemonte Calcio Brazil Alex Sandro
81%
83 Inter Milan Chile Arturo Vidal
79%
84 Atletico Madrid Uruguay Jose Maria Gimenez
78%
83 Manchester City Brazil Gabriel Jesus
76%
82 Everton Colombia James Rodriguez
76%
83 Shanghai SIPG Brazil Oscar
76%
83 Real Madrid Uruguay Federico Valverde
74%
83 Inter Miami FC Argentina Gonzalo Higuain
72%
85 PSG Argentina Mauro Icardi
72%
83 Atalanta Colombia Duvan Zapata
71%
84 Bayern Munich Brazil Douglas Costa
69%
83 Tottenham Hotspur Brazil Lucas Moura
68%
83 Real Madrid Brazil Marcelo
68%
84 Ajax Argentina Nicolas Tagliafico
67%
86 Sevilla FC Argentina Alejandro Gomez
64%
83 Guangzhou Evergrande Brazil Paulinho
61%
84 Piemonte Calcio Brazil Arthur Melo
60%
83 Sevilla FC Argentina Marcos Acuna
60%
83 FC Barcelona Brazil Philippe Coutinho
60%
84 Manchester United Brazil Alex Telles
58%
82 Sevilla FC Argentina Lucas Ocampos
58%
82 Atletico Madrid Argentina Angel Correa
57%
83 Al-Shabab Argentina Ever Banega
56%
84 Lazio Brazil Lucas Leiva
56%
82 Valencia CF Brazil Gabriel Paulista
54%
84 Atletico Madrid Brazil Felipe
51%
83 Sevilla FC Brazil Fernando
51%
82 Arsenal Brazil Willian
51%
83 Everton Brazil Allan
49%
83 Sevilla FC Brazil Diego Carlos
44%
83 Bayer Leverkusen Chile Charles Aranguiz
40%
83 Beijing Guoan Brazil Renato Augusto
33%
82 Guangzhou Evergrande Brazil Anderson Talisca
31%
No matching quizzes found
Score Distribution
Percent of People with Each Score
Percentile by Number Answered
Your Score History
You have not taken this quiz